000 00744cam a22002414a 4500
003 UPN
005 20240806064035.0
008 090617s2000 es a r 000 j spa d
020 _a8426113753
035 _aUPN01000171223
040 _aUPN
_bspa
_cUPN
049 _aCG
050 4 _aPS3523 O4.6
_bM4.4
100 1 _aLondon, Jack,
_d1876-1916
_929024
245 1 4 _aLas mejores narraciones de Jack London /
_c[Jack London] ; ilustraciones de Jaime Azpelicueta ; traducción Antonio Ribera,
260 _aBarcelona, Esp. :
_bJuventud,
_c2000.
300 _a222 p. :
_bil.
490 0 _aLibros de bolsillo Z
650 4 _aLiteratura estadounidense
_95229
650 4 _aHistorias de aventuras
_94131
905 _aLibro
942 _2lcc
_cLIBRO
999 _c143328
_d143328